El tiempo en la poesía de Juan Ramón Jiménez

Salvato in:
Dettagli Bibliografici
Autore principale: Pablos, Basilio de (autor)
Natura: Libro
Lingua:spagnolo
Pubblicazione: Madrid Gredos 1965
Serie:Biblioteca Románica Hispánica, 15
Soggetti:
Tags: Aggiungi Tag
Nessun Tag, puoi essere il primo ad aggiungerne!!

MARC

LEADER 00000nam a2200000 a 4500
001 UCT2569
003 CL-VaPUC
005 20241120100006.0
008 961011e19650000SP |||||||||||||||||spa|d
999 |c 252625  |d 252623 
040 |c Pontificia Universidad Católica de Valparaíso 
082 0 4 |a 861.09  |b PAB  |2 21 
100 |a Pablos, Basilio de  |e autor  |9 371573 
245 1 3 |a El tiempo en la poesía de Juan Ramón Jiménez 
260 |a Madrid  |b Gredos  |c 1965 
300 |a 259 p 
490 0 |a Biblioteca Románica Hispánica, 15 
583 |a last modification  |c 19961011 00:00:00  |k Rodrigo Vera 
600 0 |a Jiménez, Juan Ramón,  |d 1881-1958  |9 858379 
650 0 |a Poesía española  |9 264938 
650 0 |a Historia y crítica   |9 257407 
650 0 |a Poesías españolas  |9 265100 
650 0 |a Crítica e interpretación   |9 255042 
852 |a BIBCUR 
942 |c BK  |2 ddc 
945 |d 19961011 00:00:00  |a rleighto 
952 |0 0  |1 0  |4 0  |6 861_090000000000000_PAB_1965  |7 0  |8 A  |9 272571  |a BIBEDU  |b BIBEDU  |d 2019-11-19  |i 3240800  |o 861.09 PAB 1965  |p 3240800  |r 2019-11-19  |w 2019-11-19  |y BK  |k LIT